000 00315nam a2200121Ia 4500
008 240731s9999 xx 000 0 und d
022 _a1541-0358
245 0 _aResidential Treatment For Children & Youth
260 _bRoutledge
856 _uhttps://www.tandfonline.com/loi/wrtc20
942 _2ddc
942 _cTFEJ
999 _c79229
_d79229
945 _a1
_bMadushi Gamage
_c1
_dMadushi Gamage